Portable Renaissance Reader (Record no. 1684)

MARC details
000 -LEADER
fixed length control field 00581nam a2200241 a 4500
020 ## - INTERNATIONAL STANDARD BOOK NUMBER
ISBN
082 00 - DEWEY DECIMAL CLASSIFICATION NUMBER
Classification number 909.0494
Author Cutter ROS
100 ## - MAIN ENTRY--AUTHOR NAME
Author name Ross, James Bruce
245 ## - TITLE STATEMENT
Title Portable Renaissance Reader
260 ## - PUBLICATION, DISTRIBUTION, ETC. (IMPRINT)
Place of publication New York
Name of publisher Viking Press
Year of publication 1960
300 ## - PHYSICAL DESCRIPTION
Number of Pages 756p
500 ## - GENERAL NOTE
General note includes index and biblioraphy
505 2# - FORMATTED CONTENTS NOTE
Formatted contents note Illustration
650 ## - SUBJECT ADDED ENTRY--TOPICAL TERM
Topical Term Renaissance
942 ## - ADDED ENTRY ELEMENTS (KOHA)
Koha item type Books
700 1# -
-- Ross, James Bruce
Holdings
Collection code Home library Current library Date acquired Cost, normal purchase price Full call number Accession Number Koha item type
  Henry Martyn Institute Library Henry Martyn Institute Library 06/05/2007 80.85 909.0494 ROS 02299 Books
                   Copyright © 2026 | Henry Martyn Institute | Hyderabad | TS-500052 | INDIA | Implemented by hmi.edu.in
Hit-Count:

Powered by Koha